Eduardo Frei / Violeta Parra.
Gespeichert in:
| 1. Verfasser: | |
|---|---|
| Weitere Verfasser: | |
| Format: | Buch |
| Sprache: | Spanisch |
| Veröffentlicht: |
Santiago, Chile:
El Mercurio; Aifos Ediciones,
2007.
|
| Schriftenreihe: | Chilenos del Bicentenario. Los Hombres y las Mujeres que Cambiaron Nuestra Historia.
|
| Schlagworte: | |
| Tags: |
Tag hinzufügen
Keine Tags, Fügen Sie den ersten Tag hinzu!
|
MARC
| LEADER | 00000nam a2200000 a 4500 | ||
|---|---|---|---|
| 001 | UCI7927 | ||
| 003 | CL-VaPUC | ||
| 005 | 20231218125502.0 | ||
| 008 | 080731e20070000CL |||||||||||||||||spa|d | ||
| 999 | |c 331056 |d 331054 | ||
| 020 | |a 978-956-311-133-0 | ||
| 040 | |c Pontificia Universidad Católica de Valparaíso | ||
| 082 | 0 | 4 | |a 923.1 FER 2007 |2 21 |
| 100 | |a Fermandois Huerta, Joaquín |e autor |9 621610 | ||
| 245 | 1 | 0 | |a Eduardo Frei / Violeta Parra. |
| 260 | |a Santiago, Chile: |b El Mercurio; |b Aifos Ediciones, |c 2007. | ||
| 300 | |a 95 páginas. | ||
| 490 | 0 | |a Chilenos del Bicentenario. Los Hombres y las Mujeres que Cambiaron Nuestra Historia. | |
| 500 | |a c.2 Donación Familia Prof. Alejandro Guzmán Brito. | ||
| 583 | |a last modification |c 20170516 12:15:46 |k Rodrigo Vera | ||
| 600 | 0 | |a Frei Montalva, Eduardo |9 255811 | |
| 600 | 0 | |a Parra, Violeta |q (Parra Sandoval, Violeta) |d 1917-1967 |9 859029 | |
| 650 | 0 | |a Presidentes chilenos |2 CL-VaPUC |9 458179 | |
| 650 | 7 | |a Músicos folklóricos chilenos |2 CL-VaPUC |9 531355 | |
| 700 | 0 | |a Duchens Bobadilla, Myriam |e autora |9 531354 | |
| 942 | |c BK |2 ddc |n 0 | ||
| 945 | |d 20080731 00:00:00 |a rbrito | ||
| 952 | |0 0 |1 0 |4 0 |6 923_100000000000000_FER_2007 |7 0 |8 A |9 417166 |a BIBHIS |b BIBHIS |d 2019-11-22 |i 4468503 |o 923.1 FER 2007 |p 4468503 |r 2025-01-20 |w 2019-11-22 |y BK |k HIS | ||
| 952 | |0 0 |1 0 |2 ddc |4 0 |6 923_100000000000000_FER_2007 |7 1 |8 C_AGB |9 580365 |a BIBDER |b BIBDER |d 2022-01-11 |e Donación |i 5636957 |o 923.1 FER 2007 |p 5636957 |r 2023-01-25 |t 2 |w 2022-01-11 |y BK_US |k AGB | ||